Manažment aktívnych operácií komerčných bánk diplomová práca

Uložené v:
Podrobná bibliografia
Hlavný autor: Hrubý, Filip
Korporativný autor: Národohospodárska fakulta EU. Katedra bankovníctva a medzinárodných financií
Ďalší autori: Vovk, Martin, 1976-
Médium: Kniha
Jazyk:Slovak
Vydavateľské údaje: Bratislava 2009
Tagy: Pridať tag
Žiadne tagy, Buďte prvý, kto otaguje tento záznam!

MARC

LEADER 00000nam$a2200000$$$4500
001 0095340
005 20240319123253.0
041 0 |a slo 
044 |a SK 
245 1 0 |a Manažment aktívnych operácií komerčných bánk  |b diplomová práca  |c Filip Hrubý ; škol. Martin Vovk 
264 1 |a Bratislava  |c 2009 
300 |a 68 s. 
100 1 |a Hrubý, Filip 
700 1 |a Vovk, Martin, 1976- 
710 2 |a Národohospodárska fakulta EU. Katedra bankovníctva a medzinárodných financií